Religious tourism and globalization : (Record no. 51220)

MARC details
000 -LEADER
fixed length control field 00654nam a2200217Ia 4500
005 - DATE AND TIME OF LATEST TRANSACTION
control field 20260429111854.0
008 - FIXED-LENGTH DATA ELEMENTS--GENERAL INFORMATION
fixed length control field 260429s9999||||xx |||||||||||||| ||und||
020 ## - INTERNATIONAL STANDARD BOOK NUMBER
International Standard Book Number 9781800623651
041 ## - LANGUAGE CODE
Language English
082 ## - DEWEY DECIMAL CLASSIFICATION NUMBER
Classification number 910
Item number LIU
100 ## - MAIN ENTRY--PERSONAL NAME
Personal name Liutikas, Darius
245 #0 - TITLE STATEMENT
Title Religious tourism and globalization :
Remainder of title the search for identity and transformative experience /
Statement of responsibility, etc Darius Liutikas
260 ## - PUBLICATION, DISTRIBUTION, ETC. (IMPRINT)
Place of publication, distribution, etc United Kingdom :
Name of publisher, distributor, etc CABI,
Date of publication, distribution, etc 2024.
300 ## - PHYSICAL DESCRIPTION
Extent xii, 206 p.; hb
440 ## - SERIES STATEMENT/ADDED ENTRY--TITLE
Title Religious tourism and pilgrimage series
650 ## - SUBJECT ADDED ENTRY--TOPICAL TERM
Topical term or geographic name as entry element Religious tourism
650 ## - SUBJECT ADDED ENTRY--TOPICAL TERM
Topical term or geographic name as entry element Sacred places
650 ## - SUBJECT ADDED ENTRY--TOPICAL TERM
Topical term or geographic name as entry element Geography
700 ## - ADDED ENTRY--PERSONAL NAME
Personal name Raj, Razaq
942 ## - ADDED ENTRY ELEMENTS (KOHA)
Koha item type Text Books
Holdings
Withdrawn status Lost status Damaged status Not for loan Collection code Home library Location Shelving location Date of Cataloging Source of acquisition Total Checkouts Full call number Barcode Date last seen Price effective from Koha item type
        Non-fiction CUTN Central Library CUTN Central Library History & Geography 29/04/2026 Prashant Book Agency, New Delhi - Invoice No. 537 on 09-02-2026   910 LIU 56078 29/04/2026 29/04/2026 Text Books